Todas las historias de amor son historias de fantasmas: (Registro nro. 10429)
[ vista simple ]
| 000 -Cabecera | |
|---|---|
| Campo de control interno | 00732nam a2200229Ia 4500 |
| 005 - Fecha y hora del registro | |
| control field | 20260417104145.0 |
| 008 - Elementos de Longitud Fija | |
| fixed length control field | 260306t2013||||xx |||||||||||||| ||spa|| |
| 020 ## - ISBN | |
| ISBN | 9788499922935 |
| 041 ## - Idioma | |
| Codigo Idioma | ESP |
| 082 ## - DEWEY y NOTACIÓN INTERNA | |
| Dewey | 928.1 |
| Notación Interna | M519 |
| 100 ## - AUTOR | |
| Autor denominación | Max, D. T. |
| Término de relación | autor |
| 245 #0 - TÍTULO DE MATERIAL BIBLIOGRÁFICO | |
| Título | Todas las historias de amor son historias de fantasmas: |
| Título paralelo | David Foster Wallace, una biografía |
| 250 ## - EDICIÓN | |
| Edición | Primera edición |
| 260 ## - CIUDAD, EDITORIAL, AÑO | |
| Año | 2013 |
| Ciudad | Barcelona : |
| Nombre de la Editorial | Random House Mondadori, |
| 300 ## - DESCRIPCIÓN | |
| N° Páginas | 471 páginas : |
| Dimensiones | 24 cm. |
| 650 ## - TEMAS | |
| Temas | Historia |
| 653 ## - DESCRIPTORES | |
| Lenguajes no controlado | Wallace, David Foster, 1962-2008 - Biografía; Escritores estadounidenses - Siglo XX - Biografía |
| 654 ## - PROGRAMAS | |
| Programa | Dpto. Arquitectura y Urbanismo |
| 700 ## - OTROS AUTORES | |
| Otros autores | Serrano, María |
| Termino Relacionado | traductor |
| 942 ## - ELEMENTOS DE KOHA | |
| Tipo de documento | Libro |
| Nombre del creador | Justo Noguera |
| Código de catalogador | Margarita Torres |
| Esquema de clasificación | Dewey Decimal Classification |
| Codigo completo | Registro | Colección | Copia número | Disponibilidad | Tipo de préstamo | Biblioteca Actual | Procedencia (Biblioteca) | Ubicacón | Fecha Ingreso | Tipo de Adquisición | Date last seen | Total checkouts | Price effective from | Tipo de Item | Estado del Material | Fuente de Clasificación | Damaged status | Withdrawn status |
|---|---|---|---|---|---|---|---|---|---|---|---|---|---|---|---|---|---|---|
| 928.1 M519 | 1038714 | Universidad Católica San Pablo | 1 | Disponible | Disponible | Víctor Andrés Belaunde | Víctor Andrés Belaunde | Planta baja abierta | 03/06/2026 | Compra | 06/03/2026 | 06/03/2026 | Libro | Bueno | Dewey Decimal Classification |




